| 000 | 00379nam a2200169Ia 4500 | ||
|---|---|---|---|
| 999 |
_c50231 _d50231 |
||
| 003 | 0100 | ||
| 005 | 20190109102045.0 | ||
| 008 | 130303s9999 xx 000 0 und d | ||
| 040 | _cARRUPELIB | ||
| 050 | _aGN24.M58 1957 | ||
| 100 |
_aMontagu, Ashley _943896 |
||
| 245 |
_aMan _bhis first million years _cAshley Montagu |
||
| 260 |
_aNew York _bThe New American Library Inc _c1958 |
||
| 300 |
_ax, 192p. ; _c18cm. |
||
| 650 |
_aAntropology _943897 |
||
| 942 |
_2lcc _cMONOGRAPH |
||